00700 2200241 4500001002100000005001700021008004100038035002400079040001200103082001400115090002100129100002500150245011200175250001100287260003100298300001900329504002700348650002000375700001100395700002100406850001200427990001900439YOGYA-0209000001236520090227022223.0 ind  0010-020900000012365 aYOPDYOG a297.90946 a297.90946bQut F aQUTHUB, Muhammad Ali aFakta pembantaian Muslimin di AndalusiacMuhammad Ali Quthub ; penerjemah, Mustafa Mahdamy ; editor, Ida Sy aCet. 3 aSolobPustaka Mantiqc1993 a152 hlmc18 cm aBibliografi : hlm. 152 aIslam - Sejarah aIda Sy aMahdamy, Mustafa aYOPDYOG a117414-P/98b1